000 nam a22 7a 4500
999 _c8638
_d8638
008 180118b ||||| |||| 00| 0 eng d
100 _aBharati Bhawan
_95009
245 _aMy World
260 _aNew Delhi
_bBharati Bhawan Publication
_c2008